000 00318nam a22001457a 4500
008 210426b ||||| |||| 00| 0 eng d
020 _a9780262522137
041 _aeng
080 _a32
082 _a32
100 _a20
101 _aSHP
245 _aDebating the Democratic Peace
_cBrown,M.E
942 _2udc
_cBK
999 _c56727
_d56727